200 Largest Cities in 2100 - Statistics

General Stats
  • This quiz has been taken 2,438 times
  • The average score is 108 of 200
Answers on the Map
Answers color-coded by a green-red scale on the quiz's map according to % correct below.
 
Answer Stats
Answer % Correct
New York City
96%
Los Angeles
95%
Mexico City
94%
Paris
94%
Cairo
93%
London
93%
Madrid
93%
Rio de Janeiro
93%
Chicago
92%
Delhi
92%
Istanbul
92%
Miami
92%
San Francisco
92%
Tokyo
92%
Barcelona
91%
Buenos Aires
91%
Moscow
91%
Mumbai
91%
Sao Paulo
91%
Boston
90%
Dallas
90%
Lagos
90%
Lima
90%
Manila
90%
Santiago
90%
Toronto
90%
Baghdad
89%
Beijing
89%
Bogota
89%
Houston
89%
Jakarta
88%
Seattle
88%
Shanghai
88%
Tehran
88%
Ankara
87%
Atlanta
87%
Nairobi
87%
Seoul
87%
Detroit
86%
Kinshasa
86%
Phoenix
86%
Addis Ababa
85%
Alexandria
85%
Algiers
85%
Bangkok
85%
Kabul
85%
Montreal
85%
Washington
85%
Dhaka
84%
Philadelphia
84%
Damascus
83%
Osaka
83%
Riyadh
83%
Hanoi
82%
Ho Chi Minh City
82%
Khartoum
82%
Kolkata
82%
Pyongyang
82%
Johannesburg
81%
Karachi
81%
Dakar
80%
Dar es Salaam
79%
Guangzhou
79%
Guatemala
79%
Sana'a
79%
Sydney
79%
Guadalajara
78%
Hong Kong
78%
Mogadishu
78%
Melbourne
76%
Tel Aviv
76%
Luanda
75%
Lahore
74%
Medellin
74%
Monterrey
74%
Abuja
73%
Wuhan
73%
Antananarivo
72%
Bangalore
72%
Chennai
72%
Hyderabad
71%
Kampala
71%
Colombo
70%
Xi'an
70%
Accra
69%
Phnom Penh
69%
Belo Horizonte
68%
Maputo
67%
Niamey
67%
Bamako
66%
Brazzaville
66%
Lusaka
66%
Tashkent
66%
Freetown
65%
Monrovia
64%
Aleppo
63%
Kigali
63%
N'Djamena
63%
Ahmedabad
62%
Bishkek
62%
Yangon
62%
Chengdu
61%
Abidjan
60%
Conakry
60%
Tianjin
59%
Yaounde
59%
Kano
58%
Lilongwe
58%
Ouagadougou
58%
Shenzhen
58%
Chongqing
56%
Dushanbe
56%
Kathmandu
55%
Nouakchott
55%
Pune
54%
Chittagong
52%
Porto Alegre
52%
Harbin
51%
Lome
51%
Mombasa
50%
Nanjing
49%
Jaipur
47%
Agra
45%
Basra
44%
Aden
43%
Mosul
43%
Lucknow
41%
Ibadan
40%
Douala
39%
Giza
39%
Surat
39%
Benin City
36%
Bujumbura
35%
Faisalabad
35%
Port Harcourt
35%
Cotonou
34%
Lubumbashi
34%
Shenyang
33%
Erbil
32%
Nagpur
32%
Davao
31%
Rawalpindi
29%
Bhopal
27%
Kumasi
27%
Kanpur
25%
Patna
25%
Indore
24%
Blantyre City
22%
Herat
21%
Mbuji-Mayi
21%
Peshawar
21%
Varanasi
20%
Kochi
19%
Coimbatore
18%
Amritsar
17%
Multan
17%
Dongguan
16%
Gujranwala
15%
Visakhapatnam
15%
Guiyang
13%
Kaduna
13%
Madurai
13%
Allahabad
12%
Rajkot
12%
Vadodara
12%
Bobo Dioulasso
11%
Kananga
11%
Maiduguri
11%
Beira
10%
Ludhiana
10%
Khulna
9%
Nashik
9%
Ilorin
8%
Meerut
7%
Thies
7%
Zaria
7%
Jamshedpur
6%
Ta'izz
6%
Dhanbad
5%
Jabalpur
5%
Thane
5%
Zapopan
5%
Al-Hudaydah
4%
Asansol
4%
Faridabad
4%
Ghaziabad
4%
Matola
4%
Guadalupe
2%
Ogbomosho
2%
Tlaquepaque
2%
Tonala
2%
Helwan
1%
Mbour
1%
Pikine
1%
Seam Reab
1%
Dakhalia
0%
Kalyoubia
0%
Sharkia
0%
No matching quizzes found
Score Distribution
Percent of People with Each Score
Percentile by Number Answered
Your Score History
You have not taken this quiz